[Event "Rapid Tournament (RAP)"]
[Site "Biel, CH"]
[Date "2025.07.13"]
[Round "6"]
[White "Vincenti, Leonardo"]
[Black "Wiesmann, Dominique"]
[Result "1-0"]
[Board "14"]
[WhiteFideId "28550820"]
[BlackFideId "1308262"]
[WhiteTitle "CM"]
[WhiteElo "2283"]
[BlackElo "1978"]
[WhiteTeam "ITA"]
[BlackTeam "SUI"]
[WhiteClock "0:02:08"]
[BlackClock "0:02:09"]
[Variant "Standard"]

1. e4 {[%clk 0:15:09]}  d6 {[%clk 0:15:09]} 2. d4 {[%clk 0:15:14]}  Nf6 {[%clk 0:15:13]} 3. Nc3 {[%clk 0:15:18]}  g6 {[%clk 0:15:18]} 4. f3 {[%clk 0:15:19]}  e5 {[%clk 0:14:32]} 5. dxe5 {[%clk 0:15:22]}  dxe5 {[%clk 0:14:36]} 6. Qxd8+ {[%clk 0:15:13]}  Kxd8 {[%clk 0:14:39]} 7. Bg5 {[%clk 0:15:16]}  Nbd7 {[%clk 0:14:32]} 8. Nd5 {[%clk 0:15:19]}  Be7 {[%clk 0:13:53]} 9. Nxf6 {[%clk 0:15:02]}  Bxf6 {[%clk 0:13:46]} 10. Bxf6+ {[%clk 0:15:04]}  Nxf6 {[%clk 0:13:50]} 11. Bc4 {[%clk 0:15:05]}  Ke7 {[%clk 0:13:48]} 12. O-O-O {[%clk 0:15:06]}  Be6 {[%clk 0:13:27]} 13. Bxe6 {[%clk 0:15:08]}  Kxe6 {[%clk 0:13:31]} 14. Ne2 {[%clk 0:15:12]}  Rhd8 {[%clk 0:13:15]} 15. Rde1 {[%clk 0:15:13]}  Rd6 {[%clk 0:12:50]} 16. f4 {[%clk 0:14:55]}  Rad8 {[%clk 0:10:48]} 17. fxe5 {[%clk 0:14:49]}  Kxe5 {[%clk 0:10:50]} 18. Ng1 {[%clk 0:14:52]}  Ra6 {[%clk 0:07:43]} 19. Nf3+ {[%clk 0:14:53]}  Ke6 {[%clk 0:06:31]} 20. Ng5+ {[%clk 0:13:50]}  Ke7 {[%clk 0:07:43]} 21. e5 {[%clk 0:13:54]}  Ng4 {[%clk 0:06:49]} 22. Rhf1 {[%clk 0:13:54]}  h6 {[%clk 0:05:15]} 23. Rxf7+ {[%clk 0:11:42]}  Ke8 {[%clk 0:05:19]} 24. Rf4 {[%clk 0:11:46]}  Nxh2 {[%clk 0:03:51]} 25. Nh7 {[%clk 0:08:28]}  g5 {[%clk 0:03:43]} 26. Rc4 {[%clk 0:08:08]}  c6 {[%clk 0:02:58]} 27. Rh1 {[%clk 0:06:45]}  Rxa2 {[%clk 0:03:00]} 28. Kb1 {[%clk 0:06:48]}  Ra5 {[%clk 0:03:02]} 29. Re4 {[%clk 0:04:51]}  Rd2 {[%clk 0:02:31]} 30. b4 {[%clk 0:04:36]}  Rb5 {[%clk 0:02:18]} 31. Rxh2 {[%clk 0:04:37]}  a5 {[%clk 0:02:12]} 32. Nf6+ {[%clk 0:04:02]}  Ke7 {[%clk 0:02:13]} 33. Ng8+ {[%clk 0:04:05]}  Ke6 {[%clk 0:02:16]} 34. Rxh6+ {[%clk 0:03:53]}  Kf5 {[%clk 0:02:18]} 35. Re1 {[%clk 0:02:10]}  Rxe5 {[%clk 0:02:09]} 36. Rf6+ {[%clk 0:02:08]} 1-0

[Event "Rapid Tournament (RAP)"]
[Site "Biel, CH"]
[Date "2025.07.13"]
[Round "6"]
[White "Ernst, Rolf"]
[Black "Banh Gia Huy"]
[Result "0-1"]
[Board "15"]
[WhiteFideId "4611101"]
[BlackFideId "12424714"]
[WhiteTitle "FM"]
[BlackTitle "IM"]
[WhiteElo "1941"]
[BlackElo "2261"]
[WhiteTeam "SUI"]
[BlackTeam "VIE"]
[WhiteClock "0:07:21"]
[BlackClock "0:02:38"]
[Variant "Standard"]

1. d4 {[%clk 0:15:07]}  Nf6 {[%clk 0:15:09]} 2. Nf3 {[%clk 0:15:10]}  c5 {[%clk 0:15:13]} 3. e3 {[%clk 0:15:14]}  g6 {[%clk 0:15:17]} 4. Bd3 {[%clk 0:15:10]}  Bg7 {[%clk 0:15:16]} 5. O-O {[%clk 0:15:11]}  cxd4 {[%clk 0:15:17]} 6. exd4 {[%clk 0:15:08]}  O-O {[%clk 0:15:19]} 7. c3 {[%clk 0:15:12]}  d5 {[%clk 0:15:22]} 8. h3 {[%clk 0:15:14]}  Nc6 {[%clk 0:15:11]} 9. Bf4 {[%clk 0:15:14]}  Bf5 {[%clk 0:15:03]} 10. Bxf5 {[%clk 0:15:15]}  gxf5 {[%clk 0:15:05]} 11. Re1 {[%clk 0:14:42]}  Ne4 {[%clk 0:14:37]} 12. Nbd2 {[%clk 0:14:36]}  e6 {[%clk 0:13:47]} 13. Nb3 {[%clk 0:14:22]}  Kh8 {[%clk 0:13:52]} 14. Nfd2 {[%clk 0:12:01]}  Rg8 {[%clk 0:13:23]} 15. Qh5 {[%clk 0:10:48]}  Qe7 {[%clk 0:10:36]} 16. f3 {[%clk 0:09:01]}  Nxd2 {[%clk 0:08:57]} 17. Nxd2 {[%clk 0:13:15]}  Bf6 {[%clk 0:06:12]} 18. Be5 {[%clk 0:10:40]}  Nxe5 {[%clk 0:05:14]} 19. dxe5 {[%clk 0:09:51]}  Bg5 {[%clk 0:04:32]} 20. f4 {[%clk 0:09:39]}  Bxf4 {[%clk 0:06:18]} 21. Nf3 {[%clk 0:09:20]}  Rg6 {[%clk 0:06:01]} 22. Nd4 {[%clk 0:09:16]}  Rag8 {[%clk 0:05:44]} 23. Re2 {[%clk 0:08:23]}  Qc7 {[%clk 0:04:06]} 24. Rae1 {[%clk 0:07:36]}  Bg3 {[%clk 0:03:27]} 25. Kh1 {[%clk 0:08:45]}  Bxe1 {[%clk 0:03:25]} 26. Rxe1 {[%clk 0:08:22]}  Rxg2 {[%clk 0:02:58]} 27. Qh4 {[%clk 0:08:28]}  Qxe5 {[%clk 0:02:39]} 28. Nf3 {[%clk 0:07:21]}  Qg7 {[%clk 0:02:38]} 0-1

[Event "Rapid Tournament (RAP)"]
[Site "Biel, CH"]
[Date "2025.07.13"]
[Round "6"]
[White "Erne, Raphael"]
[Black "Pinchetti, Andrea"]
[Result "1-0"]
[Board "16"]
[WhiteFideId "1341928"]
[BlackFideId "1313800"]
[WhiteElo "2159"]
[BlackElo "2026"]
[WhiteTeam "SUI"]
[BlackTeam "SUI"]
[WhiteClock "0:02:17"]
[BlackClock "0:00:25"]
[Variant "Standard"]

1. c4 {[%clk 0:15:06]}  e5 {[%clk 0:14:59]} 2. g3 {[%clk 0:15:08]}  Nc6 {[%clk 0:15:01]} 3. Nc3 {[%clk 0:15:10]}  g6 {[%clk 0:15:02]} 4. Bg2 {[%clk 0:15:11]}  Bg7 {[%clk 0:15:05]} 5. Rb1 {[%clk 0:15:00]}  d6 {[%clk 0:14:03]} 6. b4 {[%clk 0:14:30]}  Nge7 {[%clk 0:13:27]} 7. d3 {[%clk 0:13:55]}  O-O {[%clk 0:13:26]} 8. Nf3 {[%clk 0:13:31]}  h6 {[%clk 0:12:16]} 9. O-O {[%clk 0:13:18]}  Be6 {[%clk 0:11:03]} 10. b5 {[%clk 0:13:02]}  Nb8 {[%clk 0:10:45]} 11. a4 {[%clk 0:11:58]}  Nd7 {[%clk 0:10:15]} 12. a5 {[%clk 0:11:39]}  Rb8 {[%clk 0:10:08]} 13. Be3 {[%clk 0:10:32]}  b6 {[%clk 0:06:57]} 14. Na2 {[%clk 0:09:22]}  d5 {[%clk 0:06:41]} 15. cxd5 {[%clk 0:07:45]}  Nxd5 {[%clk 0:06:36]} 16. Bd2 {[%clk 0:06:39]}  Re8 {[%clk 0:05:50]} 17. Qc2 {[%clk 0:06:14]}  Nc5 {[%clk 0:04:22]} 18. Bb4 {[%clk 0:06:04]}  Nxb4 {[%clk 0:03:56]} 19. Nxb4 {[%clk 0:06:06]}  Bd7 {[%clk 0:03:40]} 20. Na2 {[%clk 0:05:03]}  Qe7 {[%clk 0:03:16]} 21. Nc3 {[%clk 0:04:36]}  e4 {[%clk 0:02:48]} 22. Nd5 {[%clk 0:04:14]}  Qd6 {[%clk 0:02:47]} 23. dxe4 {[%clk 0:04:09]}  Rxe4 {[%clk 0:01:54]} 24. Rfd1 {[%clk 0:04:10]}  Qe6 {[%clk 0:01:15]} 25. Nxc7 {[%clk 0:03:02]}  Rxe2 {[%clk 0:00:49]} 26. Nxe6 {[%clk 0:03:04]}  Rxc2 {[%clk 0:00:46]} 27. Nxc5 {[%clk 0:03:07]}  Bf5 {[%clk 0:00:28]} 28. Na6 {[%clk 0:02:54]}  Rbc8 {[%clk 0:00:22]} 29. axb6 {[%clk 0:02:30]}  axb6 {[%clk 0:00:25]} 30. Nh4 {[%clk 0:02:17]} 1-0

[Event "Rapid Tournament (RAP)"]
[Site "Biel, CH"]
[Date "2025.07.13"]
[Round "6"]
[White "El-Mais, Ibaa"]
[Black "Gao, Kai"]
[Result "0-1"]
[Board "17"]
[WhiteFideId "1312715"]
[BlackFideId "8607770"]
[WhiteElo "2140"]
[BlackElo "1906"]
[WhiteTeam "SUI"]
[BlackTeam "CHN"]
[WhiteClock "0:00:10"]
[BlackClock "0:01:26"]
[Variant "Standard"]

1. d4 {[%clk 0:15:08]}  d5 {[%clk 0:15:08]} 2. Bf4 {[%clk 0:15:11]}  Nf6 {[%clk 0:15:10]} 3. e3 {[%clk 0:15:15]}  e6 {[%clk 0:15:14]} 4. Nf3 {[%clk 0:15:04]}  c5 {[%clk 0:15:16]} 5. c3 {[%clk 0:15:08]}  Bd6 {[%clk 0:15:20]} 6. Bg3 {[%clk 0:15:12]}  Qc7 {[%clk 0:15:12]} 7. Ne5 {[%clk 0:14:29]}  Nc6 {[%clk 0:15:02]} 8. f4 {[%clk 0:14:25]}  Ne4 {[%clk 0:15:04]} 9. Nd2 {[%clk 0:14:22]}  Nxd2 {[%clk 0:13:57]} 10. Qxd2 {[%clk 0:14:25]}  f6 {[%clk 0:13:58]} 11. Nd3 {[%clk 0:13:20]}  cxd4 {[%clk 0:13:32]} 12. exd4 {[%clk 0:13:12]}  O-O {[%clk 0:13:31]} 13. Be2 {[%clk 0:12:25]}  Bd7 {[%clk 0:13:17]} 14. O-O {[%clk 0:12:20]}  Na5 {[%clk 0:12:54]} 15. Bf3 {[%clk 0:11:41]}  Nc4 {[%clk 0:12:36]} 16. Qf2 {[%clk 0:11:43]}  Rfe8 {[%clk 0:11:34]} 17. Rae1 {[%clk 0:10:23]}  Nb6 {[%clk 0:11:22]} 18. Re2 {[%clk 0:09:46]}  Bb5 {[%clk 0:11:11]} 19. Rd1 {[%clk 0:09:18]}  Bxd3 {[%clk 0:10:41]} 20. Rxd3 {[%clk 0:09:39]}  Bxf4 {[%clk 0:10:35]} 21. Bh5 {[%clk 0:09:43]}  Bxg3 {[%clk 0:10:26]} 22. Rxg3 {[%clk 0:09:46]}  Re7 {[%clk 0:08:54]} 23. Qxf6 {[%clk 0:09:30]}  Rf8 {[%clk 0:08:41]} 24. Qe5 {[%clk 0:08:51]}  Qxe5 {[%clk 0:07:56]} 25. Rxe5 {[%clk 0:08:55]}  Nc4 {[%clk 0:07:57]} 26. Re2 {[%clk 0:08:47]}  Nd6 {[%clk 0:07:55]} 27. Rge3 {[%clk 0:08:29]}  Rf6 {[%clk 0:07:22]} 28. Bg4 {[%clk 0:07:41]}  Kf7 {[%clk 0:06:04]} 29. Bf3 {[%clk 0:06:02]}  Nf5 {[%clk 0:07:00]} 30. Re5 {[%clk 0:06:03]}  Rd7 {[%clk 0:06:44]} 31. Re1 {[%clk 0:05:10]}  b5 {[%clk 0:06:37]} 32. Be2 {[%clk 0:04:51]}  Nd6 {[%clk 0:05:54]} 33. Bd3 {[%clk 0:04:09]}  g6 {[%clk 0:05:45]} 34. g4 {[%clk 0:04:07]}  Rf3 {[%clk 0:05:13]} 35. Bb1 {[%clk 0:03:37]}  Nc4 {[%clk 0:04:38]} 36. R5e2 {[%clk 0:03:11]}  Rf4 {[%clk 0:04:09]} 37. h3 {[%clk 0:03:08]}  Rd6 {[%clk 0:04:09]} 38. Kg2 {[%clk 0:03:06]}  Ke7 {[%clk 0:04:11]} 39. Kg3 {[%clk 0:03:07]}  Rf8 {[%clk 0:03:42]} 40. h4 {[%clk 0:02:04]}  a5 {[%clk 0:02:03]} 41. g5 {[%clk 0:02:39]}  Rg8 {[%clk 0:01:51]} 42. Kg4 {[%clk 0:02:31]}  b4 {[%clk 0:01:36]} 43. cxb4 {[%clk 0:02:35]}  axb4 {[%clk 0:01:41]} 44. h5 {[%clk 0:02:21]}  Na5 {[%clk 0:01:24]} 45. Rf1 {[%clk 0:01:25]}  Nc6 {[%clk 0:01:27]} 46. Rf4 {[%clk 0:01:28]}  e5 {[%clk 0:00:58]} 47. dxe5 {[%clk 0:01:28]}  Re6 {[%clk 0:01:02]} 48. hxg6 {[%clk 0:01:10]}  hxg6 {[%clk 0:00:59]} 49. Rf6 {[%clk 0:01:11]}  Nxe5+ {[%clk 0:00:59]} 50. Kf4 {[%clk 0:01:04]}  Rxf6+ {[%clk 0:01:01]} 51. gxf6+ {[%clk 0:01:08]}  Kxf6 {[%clk 0:01:06]} 52. Rxe5 {[%clk 0:01:12]}  g5+ {[%clk 0:01:10]} 53. Rxg5 {[%clk 0:01:09]}  Rxg5 {[%clk 0:01:14]} 54. Kf3 {[%clk 0:00:44]}  Ke5 {[%clk 0:01:16]} 55. Bc2 {[%clk 0:00:43]}  Kd4 {[%clk 0:01:18]} 56. a3 {[%clk 0:00:44]}  bxa3 {[%clk 0:01:20]} 57. bxa3 {[%clk 0:00:48]}  Kc3 {[%clk 0:01:24]} 58. Bd1 {[%clk 0:00:42]}  d4 {[%clk 0:01:27]} 59. a4 {[%clk 0:00:42]}  Re5 {[%clk 0:01:25]} 60. Kf2 {[%clk 0:00:43]}  d3 {[%clk 0:01:25]} 61. Bf3 {[%clk 0:00:10]}  Kc2 {[%clk 0:01:26]} 0-1

[Event "Rapid Tournament (RAP)"]
[Site "Biel, CH"]
[Date "2025.07.13"]
[Round "6"]
[White "Gireada, Daniel"]
[Black "Hajduk, Tomasz"]
[Result "0-1"]
[Board "18"]
[WhiteFideId "1206451"]
[BlackFideId "21811415"]
[WhiteElo "2255"]
[BlackElo "1830"]
[WhiteTeam "ROU"]
[BlackTeam "POL"]
[WhiteClock "0:00:14"]
[BlackClock "0:02:56"]
[Variant "Standard"]

1. d4 {[%clk 0:15:08]}  d5 {[%clk 0:15:09]} 2. c4 {[%clk 0:15:11]}  e6 {[%clk 0:15:14]} 3. Nc3 {[%clk 0:15:14]}  Nf6 {[%clk 0:15:17]} 4. Nf3 {[%clk 0:15:17]}  Be7 {[%clk 0:15:18]} 5. Bg5 {[%clk 0:15:17]}  O-O {[%clk 0:15:19]} 6. e3 {[%clk 0:15:20]}  b6 {[%clk 0:15:13]} 7. Bd3 {[%clk 0:15:20]}  Bb7 {[%clk 0:15:16]} 8. O-O {[%clk 0:15:19]}  Nbd7 {[%clk 0:14:44]} 9. Rc1 {[%clk 0:14:58]}  c5 {[%clk 0:14:36]} 10. Re1 {[%clk 0:14:10]}  Rc8 {[%clk 0:14:21]} 11. cxd5 {[%clk 0:13:10]}  exd5 {[%clk 0:13:58]} 12. Bb1 {[%clk 0:11:28]}  Re8 {[%clk 0:11:36]} 13. h3 {[%clk 0:09:56]}  h6 {[%clk 0:11:11]} 14. Bh4 {[%clk 0:07:42]}  a6 {[%clk 0:09:58]} 15. Qd3 {[%clk 0:08:23]}  Ne4 {[%clk 0:09:52]} 16. Bxe7 {[%clk 0:08:05]}  Qxe7 {[%clk 0:08:14]} 17. dxc5 {[%clk 0:07:37]}  Ndxc5 {[%clk 0:06:51]} 18. Qd4 {[%clk 0:06:08]}  Red8 {[%clk 0:04:57]} 19. Na4 {[%clk 0:05:00]}  Rd6 {[%clk 0:03:03]} 20. Qd1 {[%clk 0:03:59]}  Rg6 {[%clk 0:04:33]} 21. Nxc5 {[%clk 0:03:11]}  bxc5 {[%clk 0:03:46]} 22. Qa4 {[%clk 0:02:31]}  Qf6 {[%clk 0:03:27]} 23. Qb3 {[%clk 0:00:26]}  Qxf3 {[%clk 0:02:51]} 24. Bxe4 {[%clk 0:00:09]}  Qxe4 {[%clk 0:02:48]} 25. g3 {[%clk 0:00:11]}  d4 {[%clk 0:02:58]} 26. exd4 {[%clk 0:00:14]}  Qg2# {[%clk 0:02:56]} 0-1

[Event "Rapid Tournament (RAP)"]
[Site "Biel, CH"]
[Date "2025.07.13"]
[Round "6"]
[White "Mikavica, Mirko"]
[Black "Flueckiger, Roger"]
[Result "1-0"]
[Board "19"]
[WhiteFideId "908657"]
[BlackFideId "1344862"]
[WhiteElo "2115"]
[BlackElo "1937"]
[WhiteTeam "SUI"]
[BlackTeam "SUI"]
[WhiteClock "0:02:23"]
[BlackClock "0:00:01"]
[Variant "Standard"]

1. d4 {[%clk 0:15:05]}  d5 {[%clk 0:14:52]} 2. c4 {[%clk 0:14:58]}  dxc4 {[%clk 0:14:30]} 3. e3 {[%clk 0:14:31]}  e5 {[%clk 0:14:36]} 4. Bxc4 {[%clk 0:14:05]}  exd4 {[%clk 0:13:58]} 5. exd4 {[%clk 0:13:56]}  Bb4+ {[%clk 0:13:34]} 6. Nc3 {[%clk 0:14:38]}  Qe7+ {[%clk 0:12:51]} 7. Be3 {[%clk 0:13:46]}  Bxc3+ {[%clk 0:12:42]} 8. bxc3 {[%clk 0:13:43]}  Nf6 {[%clk 0:10:52]} 9. Nf3 {[%clk 0:12:42]}  Ng4 {[%clk 0:11:43]} 10. Qd2 {[%clk 0:09:15]}  Nxe3 {[%clk 0:08:37]} 11. Qxe3 {[%clk 0:07:43]}  Qxe3+ {[%clk 0:07:08]} 12. fxe3 {[%clk 0:07:31]}  Nd7 {[%clk 0:06:58]} 13. O-O {[%clk 0:12:08]}  Nb6 {[%clk 0:06:42]} 14. Bb3 {[%clk 0:11:43]}  f6 {[%clk 0:06:10]} 15. e4 {[%clk 0:11:35]}  Bd7 {[%clk 0:05:56]} 16. e5 {[%clk 0:10:35]}  Bc6 {[%clk 0:05:09]} 17. exf6 {[%clk 0:11:41]}  gxf6 {[%clk 0:05:09]} 18. Rae1+ {[%clk 0:11:25]}  Kd8 {[%clk 0:05:07]} 19. Nh4 {[%clk 0:08:49]}  a5 {[%clk 0:04:47]} 20. Rxf6 {[%clk 0:10:26]}  a4 {[%clk 0:04:29]} 21. Be6 {[%clk 0:09:23]}  Nd5 {[%clk 0:04:13]} 22. Bxd5 {[%clk 0:10:00]}  Bxd5 {[%clk 0:01:53]} 23. a3 {[%clk 0:08:46]}  Rg8 {[%clk 0:00:43]} 24. g3 {[%clk 0:08:26]}  c6 {[%clk 0:00:26]} 25. Nf5 {[%clk 0:08:02]}  Re8 {[%clk 0:00:07]} 26. Rxe8+ {[%clk 0:09:31]}  Kxe8 {[%clk 0:00:05]} 27. Rh6 {[%clk 0:09:20]}  Ra6 {[%clk 0:00:07]} 28. c4 {[%clk 0:09:16]}  Bg8 {[%clk 0:00:06]} 29. c5 {[%clk 0:09:13]}  b5 {[%clk 0:00:06]} 30. Nd6+ {[%clk 0:09:00]}  Kf8 {[%clk 0:00:08]} 31. Nxb5 {[%clk 0:08:51]}  Ra5 {[%clk 0:00:04]} 32. Nd6 {[%clk 0:08:45]}  Ra7 {[%clk 0:00:07]} 33. Kf2 {[%clk 0:08:35]}  Bd5 {[%clk 0:00:08]} 34. g4 {[%clk 0:06:29]}  Kg7 {[%clk 0:00:05]} 35. Nf5+ {[%clk 0:06:19]}  Kf8 {[%clk 0:00:13]} 36. Rf6+ {[%clk 0:06:11]}  Ke8 {[%clk 0:00:03]} 37. Nd6+ {[%clk 0:06:08]}  Kd8 {[%clk 0:00:14]} 38. g5 {[%clk 0:05:29]}  Re7 {[%clk 0:00:12]} 39. Rf8+ {[%clk 0:05:18]}  Kd7 {[%clk 0:00:04]} 40. Ra8 {[%clk 0:05:05]}  Bb3 {[%clk 0:00:06]} 41. Ra7+ {[%clk 0:05:12]}  Ke6 {[%clk 0:00:10]} 42. Rxe7+ {[%clk 0:04:48]}  Kxe7 {[%clk 0:00:09]} 43. Ke3 {[%clk 0:04:37]}  Ke6 {[%clk 0:00:07]} 44. h4 {[%clk 0:04:21]}  Bc2 {[%clk 0:00:09]} 45. Kd2 {[%clk 0:04:03]}  Bg6 {[%clk 0:00:02]} 46. Kc3 {[%clk 0:03:51]}  Kd5 {[%clk 0:00:11]} 47. Nc8 {[%clk 0:02:30]}  Ke4 {[%clk 0:00:15]} 48. Ne7 {[%clk 0:02:24]}  Be8 {[%clk 0:00:04]} 49. h5 {[%clk 0:02:16]}  Kf4 {[%clk 0:00:01]} 50. g6 {[%clk 0:02:23]} 1-0

[Event "Rapid Tournament (RAP)"]
[Site "Biel, CH"]
[Date "2025.07.13"]
[Round "6"]
[White "Fragniere, Thierry"]
[Black "Kumbharathi, Vedansh"]
[Result "0-1"]
[Board "20"]
[WhiteFideId "1306537"]
[BlackFideId "30998395"]
[WhiteElo "2110"]
[BlackElo "1931"]
[WhiteTeam "FRA"]
[BlackTeam "USA"]
[WhiteClock "0:08:20"]
[BlackClock "0:12:16"]
[Variant "Standard"]

1. d4 {[%clk 0:15:05]}  Nf6 {[%clk 0:14:54]} 2. Nf3 {[%clk 0:15:00]}  d5 {[%clk 0:14:53]} 3. c4 {[%clk 0:14:49]}  e6 {[%clk 0:14:57]} 4. Nc3 {[%clk 0:14:53]}  Be7 {[%clk 0:15:00]} 5. Bg5 {[%clk 0:14:43]}  O-O {[%clk 0:15:01]} 6. e3 {[%clk 0:14:47]}  Nbd7 {[%clk 0:14:30]} 7. Be2 {[%clk 0:14:24]}  dxc4 {[%clk 0:15:01]} 8. Bxc4 {[%clk 0:14:27]}  b6 {[%clk 0:15:05]} 9. O-O {[%clk 0:14:26]}  Bb7 {[%clk 0:15:08]} 10. Qe2 {[%clk 0:14:22]}  c5 {[%clk 0:15:10]} 11. Rfd1 {[%clk 0:14:18]}  cxd4 {[%clk 0:15:09]} 12. Nxd4 {[%clk 0:13:31]}  Qe8 {[%clk 0:12:06]} 13. Bxe6 {[%clk 0:12:19]}  fxe6 {[%clk 0:12:50]} 14. Nxe6 {[%clk 0:12:20]}  Nc5 {[%clk 0:12:47]} 15. Qc4 {[%clk 0:11:29]}  Qf7 {[%clk 0:12:39]} 16. b4 {[%clk 0:09:39]}  Qxe6 {[%clk 0:12:28]} 17. Qh4 {[%clk 0:09:16]}  Nce4 {[%clk 0:12:11]} 18. Nb5 {[%clk 0:09:06]}  Nxg5 {[%clk 0:12:12]} 19. Qxg5 {[%clk 0:09:05]}  Ne4 {[%clk 0:12:13]} 20. Nc7 {[%clk 0:08:29]}  Nxg5 {[%clk 0:12:06]} 21. Nxe6 {[%clk 0:08:30]}  Nxe6 {[%clk 0:12:09]} 22. Rd7 {[%clk 0:08:34]}  Bf6 {[%clk 0:12:13]} 23. Rad1 {[%clk 0:08:20]}  Rfd8 {[%clk 0:12:16]} 0-1

[Event "Rapid Tournament (RAP)"]
[Site "Biel, CH"]
[Date "2025.07.13"]
[Round "6"]
[White "Leonov, Leonid"]
[Black "Zenker, Ulrich"]
[Result "0-1"]
[Board "21"]
[WhiteFideId "1698052"]
[BlackFideId "4614976"]
[BlackTitle "FM"]
[WhiteElo "1894"]
[BlackElo "2081"]
[WhiteTeam "AUT"]
[BlackTeam "GER"]
[WhiteClock "0:03:50"]
[BlackClock "0:00:00"]
[Variant "Standard"]

1. e4 {[%clk 0:15:08]}  e5 {[%clk 0:15:08]} 2. Nf3 {[%clk 0:15:12]}  Nc6 {[%clk 0:15:11]} 3. Bc4 {[%clk 0:15:15]}  Nf6 {[%clk 0:15:14]} 4. d3 {[%clk 0:15:19]}  h6 {[%clk 0:15:15]} 5. O-O {[%clk 0:15:20]}  d6 {[%clk 0:15:16]} 6. Nc3 {[%clk 0:15:23]}  g6 {[%clk 0:15:13]} 7. a4 {[%clk 0:15:17]}  Bg7 {[%clk 0:15:13]} 8. Re1 {[%clk 0:15:16]}  O-O {[%clk 0:15:11]} 9. h3 {[%clk 0:15:19]}  Be6 {[%clk 0:14:41]} 10. Nd5 {[%clk 0:14:50]}  Kh7 {[%clk 0:14:37]} 11. c3 {[%clk 0:14:24]}  a6 {[%clk 0:10:07]} 12. a5 {[%clk 0:13:22]}  Qd7 {[%clk 0:08:49]} 13. Nxf6+ {[%clk 0:12:37]}  Bxf6 {[%clk 0:08:51]} 14. Bxe6 {[%clk 0:12:21]}  Qxe6 {[%clk 0:08:47]} 15. d4 {[%clk 0:11:46]}  exd4 {[%clk 0:07:48]} 16. cxd4 {[%clk 0:11:45]}  d5 {[%clk 0:07:50]} 17. e5 {[%clk 0:11:44]}  Bg7 {[%clk 0:07:53]} 18. Bf4 {[%clk 0:11:08]}  Qf5 {[%clk 0:04:24]} 19. Qd2 {[%clk 0:11:06]}  g5 {[%clk 0:04:24]} 20. Bg3 {[%clk 0:10:37]}  Nd8 {[%clk 0:04:26]} 21. Rac1 {[%clk 0:10:08]}  Ne6 {[%clk 0:04:08]} 22. Qb4 {[%clk 0:09:26]}  Rab8 {[%clk 0:04:05]} 23. Rc3 {[%clk 0:08:45]}  Rfd8 {[%clk 0:02:51]} 24. Nh2 {[%clk 0:08:36]}  h5 {[%clk 0:02:33]} 25. Rf3 {[%clk 0:08:17]}  Qg6 {[%clk 0:02:35]} 26. Qd2 {[%clk 0:07:12]}  h4 {[%clk 0:02:13]} 27. Ng4 {[%clk 0:06:45]}  hxg3 {[%clk 0:02:15]} 28. fxg3 {[%clk 0:06:32]}  c5 {[%clk 0:02:11]} 29. dxc5 {[%clk 0:06:32]}  Nxc5 {[%clk 0:02:09]} 30. Ref1 {[%clk 0:06:25]}  Ne4 {[%clk 0:01:22]} 31. Qe3 {[%clk 0:06:18]}  d4 {[%clk 0:01:08]} 32. Qb3 {[%clk 0:06:22]}  Nd2 {[%clk 0:01:08]} 33. Qxf7 {[%clk 0:05:41]}  Nxf3+ {[%clk 0:01:11]} 34. Qxf3 {[%clk 0:05:45]}  Rf8 {[%clk 0:00:52]} 35. Nf6+ {[%clk 0:05:42]}  Bxf6 {[%clk 0:00:51]} 36. exf6 {[%clk 0:05:45]}  Rf7 {[%clk 0:00:51]} 37. h4 {[%clk 0:05:13]}  gxh4 {[%clk 0:00:44]} 38. gxh4 {[%clk 0:05:17]}  Rbf8 {[%clk 0:00:48]} 39. h5 {[%clk 0:05:21]}  Qg5 {[%clk 0:00:43]} 40. Qd3+ {[%clk 0:05:10]}  Kh6 {[%clk 0:00:47]} 41. Qxd4 {[%clk 0:04:57]}  Rxf6 {[%clk 0:00:46]} 42. Re1 {[%clk 0:04:48]}  Rg8 {[%clk 0:00:36]} 43. Qe4 {[%clk 0:04:34]}  Qc5+ {[%clk 0:00:25]} 44. Kh2 {[%clk 0:04:19]}  Qxh5+ {[%clk 0:00:26]} 45. Kg1 {[%clk 0:04:23]}  Rg4 {[%clk 0:00:13]} 46. Qxb7 {[%clk 0:03:57]}  Qc5+ {[%clk 0:00:15]} 47. Kh2 {[%clk 0:03:57]}  Rh4+ {[%clk 0:00:17]} 48. Kg3 {[%clk 0:03:50]}  Qg5# {[%clk 0:00:00]} 0-1

[Event "Rapid Tournament (RAP)"]
[Site "Biel, CH"]
[Date "2025.07.13"]
[Round "6"]
[White "Sadeghi, Hassan Roger"]
[Black "Tcheau, Alain"]
[Result "1-0"]
[Board "22"]
[WhiteFideId "1304712"]
[BlackFideId "1306014"]
[WhiteTitle "CM"]
[WhiteElo "2068"]
[BlackElo "1912"]
[WhiteTeam "SUI"]
[BlackTeam "SUI"]
[WhiteClock "0:00:30"]
[BlackClock "0:00:34"]
[Variant "Standard"]

1. c4 {[%clk 0:15:06]}  e5 {[%clk 0:15:07]} 2. Nc3 {[%clk 0:15:07]}  Nf6 {[%clk 0:15:09]} 3. Nf3 {[%clk 0:15:08]}  d6 {[%clk 0:15:13]} 4. d4 {[%clk 0:15:06]}  exd4 {[%clk 0:15:14]} 5. Nxd4 {[%clk 0:15:08]}  Be7 {[%clk 0:15:12]} 6. g3 {[%clk 0:14:58]}  Nc6 {[%clk 0:15:09]} 7. Bg2 {[%clk 0:14:57]}  Nxd4 {[%clk 0:15:11]} 8. Qxd4 {[%clk 0:15:00]}  c6 {[%clk 0:15:10]} 9. O-O {[%clk 0:14:46]}  O-O {[%clk 0:15:13]} 10. b3 {[%clk 0:14:37]}  Qb6 {[%clk 0:14:57]} 11. Qxb6 {[%clk 0:13:13]}  axb6 {[%clk 0:15:01]} 12. Be3 {[%clk 0:12:23]}  Bd8 {[%clk 0:14:35]} 13. Rfd1 {[%clk 0:12:07]}  Bc7 {[%clk 0:14:38]} 14. Bg5 {[%clk 0:10:46]}  Bf5 {[%clk 0:12:52]} 15. Bxf6 {[%clk 0:10:50]}  gxf6 {[%clk 0:12:56]} 16. Be4 {[%clk 0:10:01]}  Be6 {[%clk 0:11:29]} 17. Rac1 {[%clk 0:08:18]}  Kg7 {[%clk 0:11:18]} 18. Bb1 {[%clk 0:07:55]}  Rac8 {[%clk 0:11:02]} 19. Kg2 {[%clk 0:07:03]}  Rfd8 {[%clk 0:11:05]} 20. Be4 {[%clk 0:06:49]}  b5 {[%clk 0:10:45]} 21. cxb5 {[%clk 0:06:10]}  d5 {[%clk 0:10:38]} 22. Bf3 {[%clk 0:04:46]}  Bd6 {[%clk 0:10:13]} 23. bxc6 {[%clk 0:04:29]}  bxc6 {[%clk 0:10:00]} 24. Na4 {[%clk 0:04:06]}  Ba3 {[%clk 0:09:42]} 25. Rc2 {[%clk 0:03:48]}  Bf5 {[%clk 0:08:48]} 26. Rcd2 {[%clk 0:01:52]}  Re8 {[%clk 0:06:32]} 27. Rd4 {[%clk 0:03:30]}  Be6 {[%clk 0:06:24]} 28. e3 {[%clk 0:02:39]}  Bd6 {[%clk 0:06:21]} 29. R4d2 {[%clk 0:02:22]}  Bb4 {[%clk 0:06:01]} 30. Re2 {[%clk 0:02:18]}  Red8 {[%clk 0:05:41]} 31. Nb2 {[%clk 0:02:11]}  c5 {[%clk 0:05:28]} 32. Nd3 {[%clk 0:02:12]}  Ba3 {[%clk 0:04:40]} 33. Nf4 {[%clk 0:02:14]}  c4 {[%clk 0:04:08]} 34. Bxd5 {[%clk 0:01:51]}  c3 {[%clk 0:03:05]} 35. Rc2 {[%clk 0:01:38]}  Bxd5+ {[%clk 0:02:46]} 36. Rxd5 {[%clk 0:01:42]}  Bb2 {[%clk 0:02:17]} 37. Kf3 {[%clk 0:01:14]}  Kf8 {[%clk 0:02:14]} 38. Ke2 {[%clk 0:01:11]}  Ke7 {[%clk 0:02:16]} 39. e4 {[%clk 0:01:13]}  Ra8 {[%clk 0:02:01]} 40. Rxd8 {[%clk 0:01:00]}  Kxd8 {[%clk 0:02:05]} 41. Nd5 {[%clk 0:01:03]}  Ra6 {[%clk 0:01:17]} 42. Nxc3 {[%clk 0:00:59]}  Ba3 {[%clk 0:00:57]} 43. Nb5 {[%clk 0:00:53]}  Be7 {[%clk 0:00:46]} 44. a4 {[%clk 0:00:57]}  Kd7 {[%clk 0:00:40]} 45. f4 {[%clk 0:00:40]}  Rb6 {[%clk 0:00:31]} 46. Kf3 {[%clk 0:00:52]}  Bf8 {[%clk 0:00:33]} 47. Rc7+ {[%clk 0:00:48]}  Ke8 {[%clk 0:00:30]} 48. Rc8+ {[%clk 0:00:28]}  Ke7 {[%clk 0:00:34]} 49. Nd4 {[%clk 0:00:30]} 1-0